[Event "Rapid Tournament (RAP)"]
[Site "Biel, CH"]
[Date "2025.07.13"]
[Round "9"]
[White "Varela Tavares, Goncalo"]
[Black "Schweizer, Samuel"]
[Result "1-0"]
[Board "20"]
[WhiteFideId "1344773"]
[BlackFideId "1325353"]
[WhiteElo "1829"]
[BlackElo "2061"]
[WhiteTeam "SUI"]
[BlackTeam "JPN"]
[WhiteClock "0:00:19"]
[BlackClock "0:02:42"]
[Variant "Standard"]

1. Nf3 {[%clk 0:15:09]}  g6 {[%clk 0:15:08]} 2. c4 {[%clk 0:15:11]}  Bg7 {[%clk 0:15:11]} 3. d4 {[%clk 0:15:14]}  d6 {[%clk 0:15:04]} 4. Nc3 {[%clk 0:15:02]}  Bg4 {[%clk 0:15:11]} 5. e3 {[%clk 0:14:43]}  Nc6 {[%clk 0:15:13]} 6. Bd3 {[%clk 0:14:27]}  e5 {[%clk 0:15:07]} 7. d5 {[%clk 0:14:18]}  Nce7 {[%clk 0:15:09]} 8. h3 {[%clk 0:14:14]}  Bxf3 {[%clk 0:15:00]} 9. Qxf3 {[%clk 0:14:10]}  f5 {[%clk 0:14:33]} 10. e4 {[%clk 0:14:06]}  f4 {[%clk 0:14:25]} 11. g3 {[%clk 0:13:57]}  fxg3 {[%clk 0:14:19]} 12. fxg3 {[%clk 0:13:54]}  Nf6 {[%clk 0:14:21]} 13. Be3 {[%clk 0:13:17]}  O-O {[%clk 0:14:22]} 14. Qg2 {[%clk 0:13:00]}  c5 {[%clk 0:14:06]} 15. O-O-O {[%clk 0:12:54]}  a6 {[%clk 0:14:02]} 16. Kb1 {[%clk 0:12:21]}  Qd7 {[%clk 0:13:57]} 17. Rhf1 {[%clk 0:11:36]}  Rab8 {[%clk 0:13:00]} 18. Rf2 {[%clk 0:11:11]}  b5 {[%clk 0:12:53]} 19. Rdf1 {[%clk 0:10:50]}  bxc4 {[%clk 0:12:52]} 20. Bxc4 {[%clk 0:10:51]}  h6 {[%clk 0:12:06]} 21. Bxa6 {[%clk 0:10:42]}  g5 {[%clk 0:10:05]} 22. Bc4 {[%clk 0:10:09]}  Rb4 {[%clk 0:09:35]} 23. Bb3 {[%clk 0:09:30]}  c4 {[%clk 0:10:32]} 24. Bd1 {[%clk 0:09:12]}  Ng6 {[%clk 0:09:51]} 25. Rc2 {[%clk 0:07:17]}  Rfb8 {[%clk 0:09:48]} 26. Bc1 {[%clk 0:07:08]}  Qa7 {[%clk 0:09:27]} 27. Qf2 {[%clk 0:06:37]}  Qe7 {[%clk 0:09:09]} 28. Qf5 {[%clk 0:06:07]}  Nf8 {[%clk 0:08:51]} 29. h4 {[%clk 0:05:50]}  g4 {[%clk 0:07:52]} 30. Bxg4 {[%clk 0:05:33]}  N6d7 {[%clk 0:07:41]} 31. Bh5 {[%clk 0:05:01]}  Nc5 {[%clk 0:07:41]} 32. Bf7+ {[%clk 0:05:01]}  Kh8 {[%clk 0:07:41]} 33. Qh5 {[%clk 0:05:01]}  Kh7 {[%clk 0:07:41]} 34. g4 {[%clk 0:05:01]}  Nd3 {[%clk 0:07:41]} 35. g5 {[%clk 0:05:01]}  Nf4 {[%clk 0:07:41]} 36. Bxf4 {[%clk 0:05:01]}  exf4 {[%clk 0:07:41]} 37. Rxf4 {[%clk 0:05:01]}  Qe5 {[%clk 0:07:41]} 38. Rf6 {[%clk 0:05:01]}  Kh8 {[%clk 0:07:41]} 39. Rxh6+ {[%clk 0:05:01]}  Bxh6 {[%clk 0:07:41]} 40. Qxh6+ {[%clk 0:05:01]}  Nh7 {[%clk 0:07:41]} 41. g6 {[%clk 0:05:01]}  Qg7 {[%clk 0:07:41]} 42. Qxh7+ {[%clk 0:05:01]}  Qxh7 {[%clk 0:07:41]} 43. gxh7 {[%clk 0:05:01]}  Kxh7 {[%clk 0:07:41]} 44. h5 {[%clk 0:05:01]}  Kg7 {[%clk 0:07:41]} 45. Bg6 {[%clk 0:05:01]}  Kf6 {[%clk 0:07:41]} 46. Rf2+ {[%clk 0:05:01]}  Ke5 {[%clk 0:07:41]} 47. a3 {[%clk 0:05:01]}  Rb3 {[%clk 0:07:41]} 48. Kc1 {[%clk 0:05:01]}  Kd4 {[%clk 0:07:41]} 49. h6 {[%clk 0:05:01]}  Rh8 {[%clk 0:07:41]} 50. h7 {[%clk 0:05:01]}  Rb7 {[%clk 0:07:41]} 51. Rf6 {[%clk 0:05:01]}  Rd7 {[%clk 0:07:41]} 52. Bf5 {[%clk 0:05:01]}  Rg7 {[%clk 0:07:41]} 53. Rxd6 {[%clk 0:05:01]}  Rg1+ {[%clk 0:07:41]} 54. Kc2 {[%clk 0:05:01]}  Rg2+ {[%clk 0:07:41]} 55. Kb1 {[%clk 0:05:01]}  Rb8 {[%clk 0:07:41]} 56. Na4 {[%clk 0:05:01]}  c3 {[%clk 0:07:41]} 57. Rg6 {[%clk 0:05:01]}  Rf2 {[%clk 0:07:41]} 58. Rg8 {[%clk 0:05:01]}  c2+ {[%clk 0:03:40]} 59. Kc1 {[%clk 0:04:10]}  Kd3 {[%clk 0:02:45]} 60. Nc5+ {[%clk 0:00:17]}  Kc4 {[%clk 0:02:42]} 61. Rxb8 {[%clk 0:00:19]} 1-0

[Event "Rapid Tournament (RAP)"]
[Site "Biel, CH"]
[Date "2025.07.13"]
[Round "9"]
[White "Tereshchenko, Eliza"]
[Black "Hornung, Hans, Dr."]
[Result "0-1"]
[Board "21"]
[WhiteFideId "34389890"]
[BlackFideId "4615140"]
[WhiteElo "1808"]
[BlackElo "2052"]
[WhiteTeam "FID"]
[BlackTeam "GER"]
[WhiteClock "0:00:14"]
[BlackClock "0:00:15"]
[Variant "Standard"]

1. d4 {[%clk 0:15:07]}  Nf6 {[%clk 0:15:08]} 2. Nf3 {[%clk 0:15:09]}  d6 {[%clk 0:15:08]} 3. g3 {[%clk 0:15:10]}  g6 {[%clk 0:15:12]} 4. Bg2 {[%clk 0:15:12]}  Bg7 {[%clk 0:15:16]} 5. O-O {[%clk 0:15:12]}  O-O {[%clk 0:15:18]} 6. c4 {[%clk 0:15:14]}  c6 {[%clk 0:15:19]} 7. Nc3 {[%clk 0:15:12]}  Bf5 {[%clk 0:15:23]} 8. Re1 {[%clk 0:14:21]}  Ne4 {[%clk 0:14:53]} 9. Qb3 {[%clk 0:14:09]}  Qb6 {[%clk 0:13:04]} 10. Nh4 {[%clk 0:11:13]}  Nxc3 {[%clk 0:12:02]} 11. bxc3 {[%clk 0:11:13]}  Bc8 {[%clk 0:10:57]} 12. e4 {[%clk 0:10:40]}  e5 {[%clk 0:10:03]} 13. d5 {[%clk 0:08:55]}  Nd7 {[%clk 0:08:35]} 14. Be3 {[%clk 0:08:47]}  Qc7 {[%clk 0:08:48]} 15. Qa3 {[%clk 0:08:11]}  c5 {[%clk 0:08:34]} 16. Qb3 {[%clk 0:07:47]}  Nf6 {[%clk 0:07:23]} 17. f3 {[%clk 0:05:51]}  Nh5 {[%clk 0:07:13]} 18. Bf1 {[%clk 0:05:22]}  f5 {[%clk 0:07:00]} 19. Bf2 {[%clk 0:04:19]}  Bd7 {[%clk 0:06:29]} 20. a4 {[%clk 0:03:34]}  b6 {[%clk 0:06:19]} 21. Ra2 {[%clk 0:03:00]}  Rf7 {[%clk 0:05:02]} 22. Qc2 {[%clk 0:02:24]}  fxe4 {[%clk 0:04:50]} 23. fxe4 {[%clk 0:02:51]}  Bh6 {[%clk 0:03:46]} 24. Be3 {[%clk 0:02:30]}  Bxe3+ {[%clk 0:03:41]} 25. Rxe3 {[%clk 0:02:33]}  Raf8 {[%clk 0:03:40]} 26. Bg2 {[%clk 0:02:13]}  Qd8 {[%clk 0:03:01]} 27. Ra1 {[%clk 0:01:51]}  Nf4 {[%clk 0:02:04]} 28. Bf1 {[%clk 0:01:01]}  Nh3+ {[%clk 0:01:49]} 29. Bxh3 {[%clk 0:01:01]}  Bxh3 {[%clk 0:01:51]} 30. Ng2 {[%clk 0:00:24]}  Qg5 {[%clk 0:01:22]} 31. Ree1 {[%clk 0:00:20]}  Rf2 {[%clk 0:00:23]} 32. Re2 {[%clk 0:00:10]}  Rxg2+ {[%clk 0:00:09]} 33. Rxg2 {[%clk 0:00:13]}  Bxg2 {[%clk 0:00:05]} 34. Kxg2 {[%clk 0:00:12]}  Qe3 {[%clk 0:00:15]} 35. Rf1 {[%clk 0:00:07]}  Rxf1 {[%clk 0:00:15]} 36. Kxf1 {[%clk 0:00:11]}  h5 {[%clk 0:00:19]} 37. Kg2 {[%clk 0:00:14]}  g5 {[%clk 0:00:14]} 38. h3 {[%clk 0:00:11]}  g4 {[%clk 0:00:16]} 39. hxg4 {[%clk 0:00:14]}  hxg4 {[%clk 0:00:20]} 40. Kh2 {[%clk 0:00:07]}  Kg7 {[%clk 0:00:18]} 41. Kg2 {[%clk 0:00:10]}  Qf3+ {[%clk 0:00:19]} 42. Kh2 {[%clk 0:00:13]}  Qf1 {[%clk 0:00:20]} 43. Qd2 {[%clk 0:00:08]}  Qh3+ {[%clk 0:00:17]} 44. Kg1 {[%clk 0:00:11]}  Qxg3+ {[%clk 0:00:21]} 45. Kh1 {[%clk 0:00:07]}  Qf4 {[%clk 0:00:14]} 46. Qc2 {[%clk 0:00:06]}  Kf6 {[%clk 0:00:13]} 47. Kg2 {[%clk 0:00:08]}  Kg5 {[%clk 0:00:15]} 48. Kg1 {[%clk 0:00:08]}  Qe3+ {[%clk 0:00:15]} 49. Kg2 {[%clk 0:00:11]}  Qh3+ {[%clk 0:00:18]} 50. Kg1 {[%clk 0:00:14]}  Kf4 {[%clk 0:00:12]} 51. Qf2+ {[%clk 0:00:14]}  Qf3 {[%clk 0:00:15]} 0-1

[Event "Rapid Tournament (RAP)"]
[Site "Biel, CH"]
[Date "2025.07.13"]
[Round "9"]
[White "Schweitzer, Olaf"]
[Black "Grzeskowiak, Antoni"]
[Result "1/2-1/2"]
[Board "22"]
[WhiteFideId "634123"]
[BlackFideId "41855531"]
[WhiteElo "1996"]
[BlackElo "1801"]
[WhiteTeam "FRA"]
[BlackTeam "POL"]
[WhiteClock "0:00:20"]
[BlackClock "0:02:20"]
[Variant "Standard"]

1. e4 {[%clk 0:15:08]}  d6 {[%clk 0:15:09]} 2. d4 {[%clk 0:15:11]}  Nf6 {[%clk 0:15:13]} 3. Nc3 {[%clk 0:15:14]}  g6 {[%clk 0:15:16]} 4. Bg5 {[%clk 0:15:01]}  Bg7 {[%clk 0:15:06]} 5. f4 {[%clk 0:15:04]}  c5 {[%clk 0:14:05]} 6. dxc5 {[%clk 0:10:09]}  Qa5 {[%clk 0:13:52]} 7. Qd2 {[%clk 0:10:02]}  Qxc5 {[%clk 0:13:52]} 8. Nf3 {[%clk 0:08:42]}  Nc6 {[%clk 0:13:33]} 9. Bh4 {[%clk 0:08:26]}  O-O {[%clk 0:13:19]} 10. h3 {[%clk 0:07:45]}  Be6 {[%clk 0:11:50]} 11. Bd3 {[%clk 0:07:22]}  Nb4 {[%clk 0:11:14]} 12. Bf2 {[%clk 0:07:21]}  Nxd3+ {[%clk 0:11:17]} 13. cxd3 {[%clk 0:07:23]}  Qc7 {[%clk 0:11:11]} 14. O-O {[%clk 0:07:24]}  a6 {[%clk 0:11:04]} 15. Rac1 {[%clk 0:07:16]}  Qd8 {[%clk 0:10:38]} 16. g4 {[%clk 0:04:00]}  h5 {[%clk 0:09:54]} 17. f5 {[%clk 0:02:54]}  hxg4 {[%clk 0:08:27]} 18. hxg4 {[%clk 0:02:57]}  Bd7 {[%clk 0:08:05]} 19. Qg5 {[%clk 0:03:01]}  Nh7 {[%clk 0:07:54]} 20. Qh4 {[%clk 0:02:53]}  e6 {[%clk 0:07:48]} 21. Qh3 {[%clk 0:03:07]}  Ng5 {[%clk 0:07:40]} 22. Nxg5 {[%clk 0:02:43]}  Qxg5 {[%clk 0:07:42]} 23. Bh4 {[%clk 0:02:39]}  Bd4+ {[%clk 0:07:32]} 24. Kh1 {[%clk 0:02:15]}  Qh6 {[%clk 0:07:14]} 25. g5 {[%clk 0:01:44]}  Qh5 {[%clk 0:07:15]} 26. f6 {[%clk 0:01:41]}  Kh7 {[%clk 0:06:46]} 27. Kg2 {[%clk 0:01:43]}  Rh8 {[%clk 0:06:43]} 28. Rh1 {[%clk 0:01:44]}  Kg8 {[%clk 0:06:04]} 29. Qg3 {[%clk 0:01:03]}  Be5 {[%clk 0:05:29]} 30. Qf3 {[%clk 0:01:03]}  Qxf3+ {[%clk 0:05:22]} 31. Kxf3 {[%clk 0:01:07]}  Bc6 {[%clk 0:04:57]} 32. Bf2 {[%clk 0:01:04]}  Rxh1 {[%clk 0:04:40]} 33. Rxh1 {[%clk 0:01:07]}  d5 {[%clk 0:04:41]} 34. d4 {[%clk 0:01:08]}  dxe4+ {[%clk 0:04:40]} 35. Nxe4 {[%clk 0:01:08]}  Bc7 {[%clk 0:04:24]} 36. Rh4 {[%clk 0:00:43]}  Rd8 {[%clk 0:04:01]} 37. Ke3 {[%clk 0:00:28]}  e5 {[%clk 0:03:51]} 38. Nc5 {[%clk 0:00:07]}  exd4+ {[%clk 0:03:27]} 39. Rxd4 {[%clk 0:00:06]}  Re8+ {[%clk 0:03:12]} 40. Kd2 {[%clk 0:00:11]}  Be5 {[%clk 0:03:03]} 41. Rh4 {[%clk 0:00:14]}  Bxb2 {[%clk 0:03:00]} 42. Be3 {[%clk 0:00:15]}  Be5 {[%clk 0:02:51]} 43. Rb4 {[%clk 0:00:16]}  Bd6 {[%clk 0:02:43]} 44. Rb3 {[%clk 0:00:17]}  b5 {[%clk 0:02:34]} 45. Nxa6 {[%clk 0:00:19]}  Ra8 {[%clk 0:02:26]} 46. Nb4 {[%clk 0:00:22]}  Bxb4+ {[%clk 0:02:23]} 47. Rxb4 {[%clk 0:00:26]}  Rxa2+ {[%clk 0:02:26]} 48. Kd3 {[%clk 0:00:30]}  Rg2 {[%clk 0:03:03]} 49. Rh4 {[%clk 0:00:15]}  Bf3 {[%clk 0:02:30]} 50. Rf4 {[%clk 0:00:18]}  Bg4 {[%clk 0:02:23]} 51. Rd4 {[%clk 0:00:20]}  Kh7 {[%clk 0:02:20]} 52. Rd8 {[%clk 0:00:20]} 1/2-1/2

[Event "Rapid Tournament (RAP)"]
[Site "Biel, CH"]
[Date "2025.07.13"]
[Round "9"]
[White "Anetov, Amirzhan"]
[Black "Javet, Blaise"]
[Result "1-0"]
[Board "23"]
[WhiteFideId "13784951"]
[BlackFideId "1305026"]
[WhiteElo "1856"]
[BlackElo "1995"]
[WhiteTeam "KAZ"]
[BlackTeam "SUI"]
[WhiteClock "0:11:27"]
[BlackClock "0:01:51"]
[Variant "Standard"]

1. Nf3 {[%clk 0:15:08]}  Nf6 {[%clk 0:15:08]} 2. b3 {[%clk 0:15:09]}  d6 {[%clk 0:14:58]} 3. Bb2 {[%clk 0:15:12]}  e5 {[%clk 0:15:00]} 4. c4 {[%clk 0:15:15]}  Be7 {[%clk 0:15:02]} 5. e3 {[%clk 0:15:19]}  O-O {[%clk 0:15:01]} 6. d4 {[%clk 0:15:22]}  exd4 {[%clk 0:14:43]} 7. Nxd4 {[%clk 0:15:04]}  Nc6 {[%clk 0:14:17]} 8. Nc3 {[%clk 0:15:05]}  Nxd4 {[%clk 0:14:13]} 9. Qxd4 {[%clk 0:15:08]}  c6 {[%clk 0:11:34]} 10. O-O-O {[%clk 0:14:59]}  Bf5 {[%clk 0:11:43]} 11. Bd3 {[%clk 0:14:59]}  Qd7 {[%clk 0:10:35]} 12. Bxf5 {[%clk 0:14:43]}  Qxf5 {[%clk 0:10:38]} 13. f3 {[%clk 0:14:05]}  Rfd8 {[%clk 0:09:21]} 14. e4 {[%clk 0:13:56]}  Qg5+ {[%clk 0:07:43]} 15. Qd2 {[%clk 0:13:56]}  Qxd2+ {[%clk 0:07:33]} 16. Rxd2 {[%clk 0:14:00]}  Ne8 {[%clk 0:07:01]} 17. Ne2 {[%clk 0:13:53]}  a5 {[%clk 0:06:06]} 18. Rhd1 {[%clk 0:13:51]}  a4 {[%clk 0:06:06]} 19. Nf4 {[%clk 0:13:27]}  axb3 {[%clk 0:05:53]} 20. axb3 {[%clk 0:13:31]}  Ra2 {[%clk 0:04:39]} 21. Ne2 {[%clk 0:13:27]}  Rda8 {[%clk 0:04:24]} 22. Kb1 {[%clk 0:13:11]}  R2a6 {[%clk 0:03:31]} 23. Nd4 {[%clk 0:12:48]}  Bg5 {[%clk 0:03:43]} 24. Rd3 {[%clk 0:12:48]}  Bf6 {[%clk 0:03:37]} 25. R1d2 {[%clk 0:12:42]}  h6 {[%clk 0:03:05]} 26. Nf5 {[%clk 0:12:37]}  Bxb2 {[%clk 0:02:59]} 27. Kxb2 {[%clk 0:12:47]}  Ra2+ {[%clk 0:02:52]} 28. Kc3 {[%clk 0:12:51]}  Rxd2 {[%clk 0:02:53]} 29. Rxd2 {[%clk 0:12:55]}  Kf8 {[%clk 0:02:42]} 30. Nxd6 {[%clk 0:12:51]}  Nxd6 {[%clk 0:02:40]} 31. Rxd6 {[%clk 0:12:55]}  Ke7 {[%clk 0:02:34]} 32. Rd2 {[%clk 0:12:56]}  Ra1 {[%clk 0:02:37]} 33. Kb4 {[%clk 0:12:43]}  b6 {[%clk 0:02:38]} 34. g3 {[%clk 0:12:31]}  Rb1 {[%clk 0:02:29]} 35. f4 {[%clk 0:12:30]}  c5+ {[%clk 0:02:28]} 36. Ka4 {[%clk 0:12:35]}  Ke6 {[%clk 0:02:25]} 37. e5 {[%clk 0:12:30]}  Ke7 {[%clk 0:02:28]} 38. Rd3 {[%clk 0:12:19]}  g5 {[%clk 0:02:10]} 39. Kb5 {[%clk 0:11:12]}  gxf4 {[%clk 0:02:10]} 40. gxf4 {[%clk 0:11:17]}  Rf1 {[%clk 0:01:57]} 41. Kxb6 {[%clk 0:11:20]}  Rxf4 {[%clk 0:01:59]} 42. Kxc5 {[%clk 0:11:24]}  Rf5 {[%clk 0:01:51]} 43. Re3 {[%clk 0:11:23]}  f6 {[%clk 0:01:51]} 44. Kd5 {[%clk 0:11:27]} 1-0

[Event "Rapid Tournament (RAP)"]
[Site "Biel, CH"]
[Date "2025.07.13"]
[Round "9"]
[White "Dalay, Hakki Dogan"]
[Black "Chen, Muxi"]
[Result "1-0"]
[Board "24"]
[WhiteFideId "1364782"]
[BlackFideId "8626073"]
[WhiteElo "1795"]
[BlackElo "1979"]
[WhiteTeam "SUI"]
[BlackTeam "CHN"]
[WhiteClock "0:00:34"]
[BlackClock "0:00:37"]
[Variant "Standard"]

1. d4 {[%clk 0:14:27]}  d5 {[%clk 0:15:08]} 2. c4 {[%clk 0:14:31]}  c6 {[%clk 0:15:12]} 3. cxd5 {[%clk 0:14:34]}  cxd5 {[%clk 0:15:15]} 4. Nc3 {[%clk 0:14:38]}  Nc6 {[%clk 0:15:18]} 5. Bf4 {[%clk 0:14:12]}  Bf5 {[%clk 0:15:02]} 6. e3 {[%clk 0:13:20]}  Nf6 {[%clk 0:14:49]} 7. Qb3 {[%clk 0:13:23]}  Na5 {[%clk 0:14:47]} 8. Qa4+ {[%clk 0:11:35]}  Bd7 {[%clk 0:14:39]} 9. Bb5 {[%clk 0:11:39]}  Nc6 {[%clk 0:14:34]} 10. Nf3 {[%clk 0:11:08]}  e6 {[%clk 0:14:22]} 11. O-O {[%clk 0:10:40]}  Be7 {[%clk 0:14:10]} 12. a3 {[%clk 0:10:14]}  a6 {[%clk 0:13:50]} 13. Bd3 {[%clk 0:09:07]}  O-O {[%clk 0:13:25]} 14. Qc2 {[%clk 0:09:08]}  Rc8 {[%clk 0:13:19]} 15. Rac1 {[%clk 0:09:02]}  b5 {[%clk 0:12:51]} 16. Ne5 {[%clk 0:07:46]}  b4 {[%clk 0:12:24]} 17. Bxa6 {[%clk 0:04:55]}  bxc3 {[%clk 0:11:59]} 18. Bxc8 {[%clk 0:04:55]}  Qxc8 {[%clk 0:12:01]} 19. Nxd7 {[%clk 0:04:32]}  Qxd7 {[%clk 0:11:58]} 20. Qxc3 {[%clk 0:04:35]}  Rc8 {[%clk 0:11:51]} 21. Qd3 {[%clk 0:04:06]}  Qb7 {[%clk 0:11:37]} 22. Rc2 {[%clk 0:03:44]}  Ne8 {[%clk 0:10:41]} 23. Rfc1 {[%clk 0:03:36]}  Bd6 {[%clk 0:10:15]} 24. Bg5 {[%clk 0:02:59]}  h6 {[%clk 0:09:59]} 25. Bh4 {[%clk 0:03:03]}  g5 {[%clk 0:09:54]} 26. Bg3 {[%clk 0:03:01]}  Bxg3 {[%clk 0:09:58]} 27. hxg3 {[%clk 0:03:05]}  Nd6 {[%clk 0:10:02]} 28. f3 {[%clk 0:02:45]}  Kg7 {[%clk 0:09:48]} 29. e4 {[%clk 0:02:15]}  dxe4 {[%clk 0:09:19]} 30. fxe4 {[%clk 0:02:18]}  Qb6 {[%clk 0:09:18]} 31. Kh2 {[%clk 0:01:38]}  Ne7 {[%clk 0:08:54]} 32. Rxc8 {[%clk 0:01:17]}  Ndxc8 {[%clk 0:08:57]} 33. Qc3 {[%clk 0:01:21]}  Qb7 {[%clk 0:07:04]} 34. d5+ {[%clk 0:01:18]}  Kg8 {[%clk 0:06:50]} 35. Qf6 {[%clk 0:00:38]}  exd5 {[%clk 0:06:00]} 36. exd5 {[%clk 0:00:26]}  Qxd5 {[%clk 0:04:40]} 37. Rc7 {[%clk 0:00:30]}  Qe6 {[%clk 0:03:58]} 38. Qc3 {[%clk 0:00:20]}  Nd6 {[%clk 0:03:31]} 39. Qc5 {[%clk 0:00:17]}  Nef5 {[%clk 0:02:42]} 40. b4 {[%clk 0:00:21]}  Qb3 {[%clk 0:02:16]} 41. Qc3 {[%clk 0:00:16]}  Qxc3 {[%clk 0:02:05]} 42. Rxc3 {[%clk 0:00:20]}  Nd4 {[%clk 0:01:53]} 43. Rd3 {[%clk 0:00:24]}  N6b5 {[%clk 0:01:25]} 44. a4 {[%clk 0:00:28]}  Kf8 {[%clk 0:01:30]} 45. axb5 {[%clk 0:00:31]}  Nxb5 {[%clk 0:01:34]} 46. Rd5 {[%clk 0:00:34]}  Nc7 {[%clk 0:01:30]} 47. Rd6 {[%clk 0:00:38]}  Ne6 {[%clk 0:01:18]} 48. b5 {[%clk 0:00:41]}  Ke7 {[%clk 0:01:21]} 49. Rd1 {[%clk 0:00:42]}  Nc5 {[%clk 0:01:14]} 50. b6 {[%clk 0:00:41]}  f6 {[%clk 0:01:07]} 51. Rc1 {[%clk 0:00:33]}  Na6 {[%clk 0:00:37]} 52. b7 {[%clk 0:00:34]} 1-0

[Event "Rapid Tournament (RAP)"]
[Site "Biel, CH"]
[Date "2025.07.13"]
[Round "9"]
[White "El-Mais, Ibaa"]
[Black "Tereshchenko, Eva"]
[Result "1-0"]
[Board "26"]
[WhiteFideId "1312715"]
[BlackFideId "34389903"]
[WhiteElo "2140"]
[BlackElo "1892"]
[WhiteTeam "SUI"]
[BlackTeam "FID"]
[WhiteClock "0:03:38"]
[BlackClock "0:02:11"]
[Variant "Standard"]

1. d4 {[%clk 0:15:07]}  d5 {[%clk 0:15:10]} 2. Bf4 {[%clk 0:15:11]}  Nf6 {[%clk 0:15:13]} 3. e3 {[%clk 0:15:15]}  c5 {[%clk 0:15:17]} 4. c3 {[%clk 0:15:19]}  Nc6 {[%clk 0:15:21]} 5. Nd2 {[%clk 0:15:22]}  Bg4 {[%clk 0:15:25]} 6. Qb3 {[%clk 0:15:20]}  Qc8 {[%clk 0:15:29]} 7. Ngf3 {[%clk 0:15:09]}  e6 {[%clk 0:15:30]} 8. Ne5 {[%clk 0:14:40]}  Be7 {[%clk 0:15:02]} 9. Nxg4 {[%clk 0:14:31]}  Nxg4 {[%clk 0:15:05]} 10. Be2 {[%clk 0:14:32]}  Nf6 {[%clk 0:14:57]} 11. O-O {[%clk 0:14:24]}  O-O {[%clk 0:14:59]} 12. Rac1 {[%clk 0:13:49]}  b6 {[%clk 0:14:39]} 13. Bf3 {[%clk 0:13:40]}  Qd7 {[%clk 0:14:33]} 14. Rfd1 {[%clk 0:13:19]}  cxd4 {[%clk 0:14:26]} 15. exd4 {[%clk 0:12:52]}  Rac8 {[%clk 0:14:26]} 16. Be2 {[%clk 0:12:35]}  Bd6 {[%clk 0:14:23]} 17. Bg5 {[%clk 0:12:34]}  Qe7 {[%clk 0:14:05]} 18. Re1 {[%clk 0:12:03]}  h6 {[%clk 0:14:03]} 19. Bh4 {[%clk 0:11:58]}  Rc7 {[%clk 0:14:02]} 20. Nf3 {[%clk 0:11:26]}  Bf4 {[%clk 0:13:36]} 21. Rcd1 {[%clk 0:11:22]}  Nb8 {[%clk 0:12:19]} 22. Bd3 {[%clk 0:11:16]}  Nbd7 {[%clk 0:11:10]} 23. Ne5 {[%clk 0:11:15]}  g5 {[%clk 0:09:22]} 24. Bg3 {[%clk 0:11:15]}  Nh5 {[%clk 0:08:11]} 25. Bb1 {[%clk 0:10:36]}  Bxg3 {[%clk 0:07:31]} 26. hxg3 {[%clk 0:10:38]}  Nxe5 {[%clk 0:07:32]} 27. dxe5 {[%clk 0:10:40]}  Qc5 {[%clk 0:07:17]} 28. Qc2 {[%clk 0:09:52]}  f5 {[%clk 0:07:08]} 29. exf6 {[%clk 0:08:29]}  Rxf6 {[%clk 0:07:11]} 30. Rd3 {[%clk 0:08:19]}  Rcf7 {[%clk 0:06:38]} 31. Re2 {[%clk 0:06:29]}  Ng7 {[%clk 0:04:41]} 32. b4 {[%clk 0:05:29]}  Qc7 {[%clk 0:04:33]} 33. Rxd5 {[%clk 0:05:03]}  Nf5 {[%clk 0:03:49]} 34. Rde5 {[%clk 0:04:50]}  Qc4 {[%clk 0:03:23]} 35. a4 {[%clk 0:04:21]}  Nxg3 {[%clk 0:02:24]} 36. fxg3 {[%clk 0:04:24]}  Rf1+ {[%clk 0:02:27]} 37. Kh2 {[%clk 0:04:28]}  Qg4 {[%clk 0:02:30]} 38. Qg6+ {[%clk 0:04:08]}  Rg7 {[%clk 0:02:11]} 39. Qe8+ {[%clk 0:03:38]} 1-0

[Event "Rapid Tournament (RAP)"]
[Site "Biel, CH"]
[Date "2025.07.13"]
[Round "9"]
[White "Ernst, Rolf"]
[Black "Vilaseca, Laurent"]
[Result "0-1"]
[Board "28"]
[WhiteFideId "4611101"]
[BlackFideId "1310240"]
[WhiteTitle "FM"]
[WhiteElo "1941"]
[BlackElo "2044"]
[WhiteTeam "SUI"]
[BlackTeam "SUI"]
[WhiteClock "0:02:57"]
[BlackClock "0:03:32"]
[Variant "Standard"]

1. d4 {[%clk 0:15:06]}  d5 {[%clk 0:15:05]} 2. Nf3 {[%clk 0:15:07]}  Nf6 {[%clk 0:15:12]} 3. Bf4 {[%clk 0:14:50]}  c5 {[%clk 0:15:05]} 4. e3 {[%clk 0:15:03]}  cxd4 {[%clk 0:15:07]} 5. exd4 {[%clk 0:15:06]}  Nc6 {[%clk 0:15:10]} 6. c3 {[%clk 0:14:27]}  e6 {[%clk 0:14:29]} 7. Bd3 {[%clk 0:14:51]}  Bd6 {[%clk 0:14:22]} 8. Bg3 {[%clk 0:14:53]}  O-O {[%clk 0:14:14]} 9. Nbd2 {[%clk 0:14:53]}  Rb8 {[%clk 0:14:00]} 10. Qe2 {[%clk 0:14:51]}  a6 {[%clk 0:13:32]} 11. Ne5 {[%clk 0:14:38]}  Qc7 {[%clk 0:13:21]} 12. f4 {[%clk 0:13:57]}  g6 {[%clk 0:13:02]} 13. O-O {[%clk 0:13:14]}  b5 {[%clk 0:12:21]} 14. a3 {[%clk 0:11:38]}  Na5 {[%clk 0:11:05]} 15. Bh4 {[%clk 0:10:50]}  Be7 {[%clk 0:10:00]} 16. g4 {[%clk 0:10:37]}  Nc4 {[%clk 0:09:50]} 17. Bxf6 {[%clk 0:10:25]}  Bxf6 {[%clk 0:09:31]} 18. Rab1 {[%clk 0:10:06]}  Nd6 {[%clk 0:10:20]} 19. Rf3 {[%clk 0:08:41]}  Bg7 {[%clk 0:09:09]} 20. g5 {[%clk 0:07:30]}  f5 {[%clk 0:08:15]} 21. gxf6 {[%clk 0:10:59]}  Bxf6 {[%clk 0:08:19]} 22. Rbf1 {[%clk 0:10:50]}  a5 {[%clk 0:07:55]} 23. Rg3 {[%clk 0:10:26]}  Nf5 {[%clk 0:07:46]} 24. Bxf5 {[%clk 0:10:26]}  exf5 {[%clk 0:07:49]} 25. Re3 {[%clk 0:10:20]}  b4 {[%clk 0:07:48]} 26. axb4 {[%clk 0:10:13]}  axb4 {[%clk 0:07:33]} 27. c4 {[%clk 0:10:02]}  dxc4 {[%clk 0:07:05]} 28. Qxc4+ {[%clk 0:09:27]}  Qxc4 {[%clk 0:07:47]} 29. Ndxc4 {[%clk 0:09:18]}  Be6 {[%clk 0:07:30]} 30. b3 {[%clk 0:08:59]}  Rbd8 {[%clk 0:07:11]} 31. Rd1 {[%clk 0:09:12]}  Bd5 {[%clk 0:07:04]} 32. Kf2 {[%clk 0:08:11]}  Ra8 {[%clk 0:06:11]} 33. Re2 {[%clk 0:08:01]}  Bh4+ {[%clk 0:06:09]} 34. Ke3 {[%clk 0:07:37]}  Kg7 {[%clk 0:04:23]} 35. Rc1 {[%clk 0:07:32]}  Ra6 {[%clk 0:03:24]} 36. Nd7 {[%clk 0:06:07]}  Re8+ {[%clk 0:03:06]} 37. Nde5 {[%clk 0:05:58]}  h6 {[%clk 0:02:40]} 38. Rcc2 {[%clk 0:05:40]}  Bf6 {[%clk 0:04:29]} 39. Ra2 {[%clk 0:05:20]}  Rea8 {[%clk 0:04:31]} 40. Rxa6 {[%clk 0:05:24]}  Rxa6 {[%clk 0:04:16]} 41. Rc2 {[%clk 0:05:09]}  g5 {[%clk 0:04:36]} 42. h3 {[%clk 0:05:00]}  Ra1 {[%clk 0:04:33]} 43. Nd3 {[%clk 0:04:24]}  Be7 {[%clk 0:04:30]} 44. Nce5 {[%clk 0:04:10]}  Rh1 {[%clk 0:04:28]} 45. Nf2 {[%clk 0:04:12]}  Rb1 {[%clk 0:04:28]} 46. Rc7 {[%clk 0:04:11]}  Rxb3+ {[%clk 0:04:32]} 47. Kd2 {[%clk 0:04:10]}  Kf6 {[%clk 0:04:31]} 48. fxg5+ {[%clk 0:03:57]}  hxg5 {[%clk 0:04:35]} 49. Ra7 {[%clk 0:03:45]}  Rb2+ {[%clk 0:04:30]} 50. Ke1 {[%clk 0:03:23]}  b3 {[%clk 0:04:15]} 51. Ned3 {[%clk 0:03:49]}  Ra2 {[%clk 0:04:02]} 52. Rc7 {[%clk 0:03:35]}  b2 {[%clk 0:03:58]} 53. Nxb2 {[%clk 0:03:28]}  Rxb2 {[%clk 0:04:01]} 54. Nd3 {[%clk 0:03:29]}  Rb3 {[%clk 0:03:47]} 55. Ke2 {[%clk 0:03:28]}  Be4 {[%clk 0:03:49]} 56. Nf2 {[%clk 0:03:03]}  Bf3+ {[%clk 0:03:36]} 57. Kd2 {[%clk 0:02:57]}  Bd6 {[%clk 0:03:32]} 0-1